LEADER 01120nam a2200265 i 4500 001 000000155902 003 CaOOAMICUS 005 20061123000000.0 008 061123s1971 it u000 u ita u 013 $a133256 040 $aSeMil$bita 245 12$aL'opera completa di Guido Reni /$cpresentazione di Cesare Garboli ; apparati critici e filologici di Edi Baccheschi. 260 $aMilano :$bRizzoli,$c1971. 300 $a120 p. :$bill. ;$c32 cm. 490 0 $aClassici dell'arte ;$v48 500 $aContiene : Bibliografia essenziale. 650 4$aArte.$0(OLS)http://semarc/subject/1231 650 4$aPittura.$0(OLS)http://semarc/subject/471 700 1 $aBaccheschi, Edi.$0(OLS)http://semarc/name/44094 700 1 $aGarboli, Cesare,$d<1928-2004>.$0(OLS)http://semarc/name/15493 830 0$aClassici dell'arte ;$v48.$0(OLS)http://semarc/title/529 850 $aSeMil 852 $aSeMil$W1$xVenegono$y1$m5L XI 48$j107728$B107728$CSeMilBibl$Z2$F117344 $81 996 $6245$aL'opera completa di Guido Reni$9(OLS)http://semarc/title/228420 996 $6260$aMilano :$bRizzoli$9(OLS)http://semarc/publisher/29824 LEADER 00425nab a2200133 i 4500 001 000000310367 003 CaOOAMICUS 005 20180831173012.0 008 180831n xx uu u0 0und r 013 $a19459 040 $aSeMil$bita 245 10$aParola (La) del Papa. (Dall?osservatore Romano) 773 0 $t[Luglio-Dicembre].$g3-4$w()273980 996 $6245$aParola (La) del Papa. (Dall?osservatore Romano)$9(OLS)http://semarc/title/385196